[Event "17th Prague Open 2018"]
[Site "Prague"]
[Date "2018.01.12"]
[Round "1"]
[White "Ziogas, Modestas"]
[Black "Kiriakov, Petr"]
[Result "0-1"]
[WhiteElo "2073"]
[BlackElo "2528"]
[Annotator "TA"]
[PlyCount "52"]
[EventDate "2018.??.??"]
[EventType "swiss"]
[EventCountry "CZE"]
[SourceTitle "playchess.com"]
[Source "ChessBase"]
[SourceQuality "1"]

{[%evp 9,52,-30,-35,-67,-62,-86,-57,-66,-66,-63,-72,-83,-88,-70,-71,-106,-105,-116,-112,-155,-103,-166,-120,-118,-112,-181,-195,-206,-135,-182,-192,-251,-216,-478,-457,-471,-448,-641,-636,-800,-789,-876,-881,-830,-783]} 1. d4 e6 2. Nc3 Nf6 3. Bg5 d5 4. Qd3 (4. e4 dxe4 5. Nxe4 Nbd7 6. Nf3 Be7 7. Nxf6+ Bxf6 8. h4 c5 9. Qd2 cxd4 10. O-O-O e5 11. Bd3 O-O 12. Rhe1 Re8 13. Bxf6 Qxf6 14. Qg5 Kf8 15. Qg3 h6 16. Bb5 e4 17. Nxd4 {1-0 (26) Rapport,R (2704)-Spasov,V (2546) Palic 2014}) 4... Be7 5. O-O-O Nbd7 6. h4 $146 {D01: Veresov Opening} ({Predecessor:} 6. f3 c5 7. e4 cxd4 8. Qxd4 e5 9. Qa4 d4 10. Nb1 O-O 11. c4 {0-1 (31) Jovicic,R (2226)-Radusinovic,L (2370) Belgrade 2016}) 6... c5 7. e4 cxd4 8. Qxd4 {[%cal Re4d5] Black is slightly better.} e5 $1 {[%cal Re5d4]} 9. Qa4 d4 10. Bxf6 Bxf6 11. Nd5 O-O {aiming for ...Nc5.} 12. Nxf6+ Qxf6 13. f3 Nc5 $36 {[%mdl 2048] Black has strong initiative.} 14. Qa3 {[#]} b6 (14... Qc6 $142 $1 15. Kb1 Be6) 15. g4 (15. Ne2 $17 {was worth a try.}) 15... Bb7 16. g5 Qc6 17. Kb1 (17. Qb4 $17) 17... a5 $19 18. b3 b5 {[%cal Bb6b5,Bb5b4][%mdl 32]} 19. h5 b4 20. Qc1 (20. Qb2 {might work better.}) 20... a4 {And now ...axb3 would win.} 21. Bc4 $2 (21. Nh3) 21... axb3 {Black is clearly winning.} 22. cxb3 {[#]} Nxe4 $1 {[%mdl 512]} 23. fxe4 (23. Ne2 $142 Nf2 24. Rhf1 Nxd1 25. Qxd1) 23... Qxe4+ 24. Bd3 Qxh1 25. g6 Be4 26. gxh7+ Kh8 {Precision: White = 29%, Black = 71%.} 0-1

[Event "17th Prague Open 2018"]
[Site "Prague"]
[Date "2018.01.12"]
[Round "1"]
[White "Lee, Jun Wei"]
[Black "Pena Gomez, Manuel"]
[Result "0-1"]
[WhiteElo "2064"]
[BlackElo "2491"]
[Annotator "TA"]
[PlyCount "80"]
[EventDate "2018.??.??"]
[EventType "swiss"]
[EventCountry "CZE"]
[SourceTitle "playchess.com"]
[Source "ChessBase"]
[SourceQuality "1"]

{[%evp 25,80,59,71,57,110,49,95,74,106,103,124,0,60,-20,-15,-5,-7,-9,-10,-139,0,-51,281,283,279,262,245,115,150,152,148,0,0,2,71,39,45,38,41,44,45,31,45,0,0,0,0,0,0,-12,-12,-12,0,-432,-429,-424,-424]} 1. d4 Nf6 2. c4 c5 3. d5 e6 4. Nc3 exd5 5. cxd5 d6 6. e4 g6 7. Bd3 Bg7 8. h3 O-O 9. Nf3 Nh5 10. O-O Nd7 11. Bg5 Bf6 12. Be3 a6 13. a4 Rb8 {LiveBook: 5 Games. A70: Modern Benoni: 6 e4 g6 7 Nf3} (13... Re8 14. Qd2 Ne5 15. Be2 Nxf3+ 16. Bxf3 Ng7 {½-½ (16) Kazhgaleyev,M (2594)-Ponomariov,R (2709) chess.com INT 2017}) 14. Nd2 Bg7 $146 (14... Bd4 $14) ({Predecessor:} 14... Bd4 15. Re1 Ne5 16. Bf1 Bxe3 17. Rxe3 Nf4 18. Nf3 f6 19. Kh2 Qd7 20. Qb3 b6 21. Nd2 {1-0 (58) Tupy,M (2264)-Borkovec,M (2188) Czechia 2011}) 15. a5 (15. Be2 $16) 15... Qh4 {White is slightly better.} 16. f4 b5 17. axb6 $1 Rxb6 18. Ra2 (18. Nc4 $16) 18... Rb4 (18... Bd4 $11 19. Bxd4 cxd4) 19. Nc4 (19. Bxa6 Rxb2 20. Rxb2 Bxa6 $11) (19. Nf3 $14 Qe7 20. Re1) 19... Bd4 $11 20. Bxd4 cxd4 21. Ne2 $36 {[%mdl 2048] White is pushing.} Nc5 22. Qd2 {[#]} (22. Nxd6 Bxh3 23. Qc2 Rb3 $15) (22. Ra3 $11) 22... Rb3 (22... Bxh3 $1 $17 {aiming for ...Bg4.} 23. gxh3 Rfb8 24. Nxd6 (24. Rf3 Nxd3 25. Nxd6 Ne1 $19) 24... Qxh3) 23. Nc1 ({Avoid the trap} 23. Nxd6 $2 Rxd3 24. Qe1 Qxe1 $19) (23. Bc2 $11 Bxh3 24. Bxb3 Bxg2 25. Kxg2 Qg4+ 26. Kh2 Qh4+ 27. Kg2 Qg4+ 28. Kh2 Qh4+ 29. Kg2) 23... Ng3 $2 {[%mdl 8192]} (23... Nxd3 $15 {stays ahead.} 24. Nxb3 Ndxf4 25. Nxd4 Bxh3 26. gxh3 Nxh3+ 27. Kg2 Re8 28. Nxd6 Qg3+ 29. Kh1 Qxd6) 24. Nxb3 $18 Nxf1 25. Bxf1 Nxb3 26. Qf2 (26. Qc2 $18) 26... Qxf2+ $16 27. Kxf2 Rd8 28. Kf3 (28. Ra3 $16 Nc5 29. Kf3) 28... f5 $1 $11 29. exf5 Bb7 (29... Bxf5 $11 {remains equal.} 30. Rxa6 Bc2) 30. Nb6 {Hoping for fxg6.} Nd2+ 31. Ke2 Nxf1 32. Kxf1 {Black must now prevent fxg6.} gxf5 $14 {[%mdl 4096] Endgame KRB-KRN} 33. Ra4 d3 34. Rd4 a5 35. Nc4 Ba6 36. Ne3 Rb8 37. Nd1 Rc8 {And now ...Rc1 would win.} 38. Nc3 $1 a4 39. Nxa4 $2 {[%mdl 8192] [#]} (39. Ke1 $1 $11 a3 40. Rb4) 39... d2+ $1 $19 40. Kf2 Rc4 {Precision: White = 36%, Black = 52%.} 0-1

[Event "17th Prague Open 2018"]
[Site "Prague"]
[Date "2018.01.12"]
[Round "1"]
[White "Proschmann, Tino"]
[Black "Jurcik, Marian"]
[Result "0-1"]
[WhiteElo "2061"]
[BlackElo "2460"]
[Annotator "TA"]
[PlyCount "96"]
[EventDate "2018.??.??"]
[EventType "swiss"]
[EventCountry "CZE"]
[SourceTitle "playchess.com"]
[Source "ChessBase"]
[SourceQuality "1"]

{[%evp 21,96,-9,-14,-49,-20,-20,-18,-60,-68,-67,-14,-30,0,-52,-52,-52,-25,-38,0,-19,-16,-64,-64,-64,-64,-64,-64,-64,-64,-64,-64,-96,-96,-96,-86,-96,-96,-96,-65,-96,66,59,59,0,0,-64,-71,-79,-85,-261,-43,-184,-181,-195,-192,-361,-369,-537,-527,-516,-508,-487,-404,-542,-531,-516,-508,-535,-515,-29982,-29983,-29983,-29984,-29984,-29985,-29998,-29999]} 1. e4 e5 2. Nf3 Nc6 3. Bb5 a6 4. Bxc6 dxc6 5. O-O Bg4 6. h3 h5 7. d3 Qf6 8. Nbd2 g5 9. Nc4 {C68: Ruy Lopez: Exchange Variation, sidelines} Bxf3 10. Qxf3 Qxf3 11. gxf3 f6 {LiveBook: 30 Games} 12. Ne3 (12. Rd1 Ne7 13. Ne3 {½-½ (13) Solak,D (2635)-Sethuraman,S (2640) Kragujevac 2016}) 12... Nh6 $146 ({Predecessor:} 12... Ne7 13. Rd1 Kf7 14. Kf1 Rd8 15. Ke2 Ng6 16. Nf5 Bd6 {½-½ (37) Gungl,T (2248)-Kanmazalp,O (2431) Graz 2017}) 13. Kg2 Bc5 14. Nf5 Nxf5 15. exf5 Rd8 (15... h4 $15) 16. Be3 Bd4 17. Rad1 (17. h4 $11) 17... Kf7 $15 18. a4 Rd5 19. b4 b6 20. Rb1 Ra8 21. Rfd1 a5 $36 {[%mdl 2048] Black has some pressure.} 22. c4 Rd7 {White must now prevent ...axb4.} 23. b5 c5 24. Rb3 Rg8 25. Rbb1 Ke8 26. Kg3 Bc3 27. Rb3 Bb4 28. Kg2 Rh7 29. Kg3 Rhg7 30. Rbb1 g4 $2 ({Black should try} 30... h4+ $17 31. Kg2 Rd7) 31. fxg4 hxg4 32. h4 (32. hxg4 $14 Rxg4+ 33. Kf3) 32... Rh8 33. Rh1 (33. Rg1 $11) 33... Rh5 34. Rbd1 Ke7 35. Rdf1 $2 (35. Rdg1 $17) 35... Kd6 $2 (35... Rxf5 $19 36. h5 Rf3+ 37. Kh4 f5) 36. Rd1 {[#]} ({Better is} 36. Rb1 $15) 36... Bc3 $1 $19 ({But not} 36... Rxf5 37. h5 $15) 37. Rdf1 {[#]} Bd4 $1 38. Bd2 $2 (38. Rfg1 {keeps fighting.}) 38... Rxf5 39. h5 (39. Be3 $142 Rh5 40. Rc1) 39... Rf3+ 40. Kg2 Rxd3 41. Bh6 Rg8 42. Bc1 g3 {[%cal Bg4g3,Bg3g2][%mdl 32]} 43. f4 Rc3 {Strongly threatening ...Rc2+.} 44. fxe5+ Bxe5 {...Rc2+ is the strong threat.} 45. h6 (45. Rd1+ $19 Ke6 46. Rd2) 45... Rc2+ {Black mates.} 46. Kf3 g2 47. Rd1+ Ke6 48. Rhg1 Rg3+ {Precision: White = 26%, Black = 45%.} 0-1

[Event "17th Prague Open 2018"]
[Site "Prague"]
[Date "2018.01.12"]
[Round "1"]
[White "Zemlicka, Vit"]
[Black "Solozhenkin, Evgeniy"]
[Result "0-1"]
[WhiteElo "2059"]
[BlackElo "2451"]
[Annotator "TA"]
[PlyCount "76"]
[EventDate "2018.??.??"]
[EventType "swiss"]
[EventCountry "CZE"]
[SourceTitle "playchess.com"]
[Source "ChessBase"]
[SourceQuality "1"]

{[%evp 18,76,51,28,33,30,48,35,40,39,52,42,69,64,57,53,71,43,31,46,46,26,60,23,24,22,16,0,19,10,18,23,34,0,0,0,95,112,272,0,276,285,261,0,0,0,0,0,0,-338,-333,-878,-872,-808,-797,-835,-783,-1131,-999,-29956,-4870]} 1. e4 c5 2. Nf3 e6 3. d4 cxd4 4. Nxd4 a6 5. Nc3 b5 6. Bd3 Qb6 7. Nf3 Qc7 8. O-O Nc6 {B43: Sizilianisch (Paulsen-Variante)} (8... Bb7 9. Re1 Be7 10. a4 b4 11. Ne2 Nf6 12. Ng3 d6 13. Bd2 Nc6 14. c3 bxc3 15. Bxc3 O-O 16. a5 {0-1 (41) Kasimdzhanov,R (2683)-Pantsulaia,L (2612) Riadh 2017}) 9. e5 Bb7 10. Re1 {LiveBook: 10 Partien} Nge7 {Weiß hat minimalen Vorteil.} 11. Bf4 $146 ({Vorgänger:} 11. Ne4 Ng6 12. Nd6+ Bxd6 13. exd6 Qxd6 14. Bxg6 Qxd1 15. Bxf7+ Kxf7 16. Rxd1 {½-½ (29) Tauscher,K (2408)-Schulz,J (2393) Remote email 2013}) 11... Ng6 12. Bg3 Bb4 13. a4 Bxc3 14. bxc3 b4 15. c4 Rc8 16. Qe2 Nce7 17. h4 Bxf3 18. Qxf3 h5 19. Qe3 a5 20. Qg5 Qb6 21. Rad1 Rc5 22. Qe3 Qc7 23. Rd2 O-O 24. Qg5 Rxc4 25. Qxh5 Rd4 26. Qg5 {[#] Droht stark h5.} Qc3 (26... Qc5 $11 {bleibt in der Remisbreite.}) 27. h5 $16 {Droht Ted1 und aus.} b3 $2 (27... Rxd3 $16 28. cxd3 Nh8) 28. hxg6 $2 ({Der einzige Zug:} 28. Rde2 $18) 28... Nxg6 $2 {[%mdl 8192]} (28... bxc2 $11 {und Schwarz ist OK.} 29. Rc1 Rxd3 30. Rdxc2 Qa3) 29. Rde2 $18 ({Nicht} 29. Red1 b2 $14) 29... b2 {[#]} 30. Bxg6 $2 (30. Bb5 $1 $18) 30... fxg6 $11 31. Qe3 $1 {[%cal Re3c3]} ({Jedoch nicht} 31. Qxg6 $2 Rxa4 32. f3 Ra1 $19) 31... Qxe3 32. Rxe3 Rc8 $1 {...Tb4 ist eine echte Drohung.} 33. c3 $2 {[%mdl 8192]} (33. Rb3 $1 $11 Rxc2 34. Kh2 Rxa4 35. Rb1) 33... Rxa4 $19 34. R3e2 $2 (34. Rb1 Ra1 35. Ree1 Rxb1 36. Rxb1) 34... Ra1 {Weiss muss nun ...Txe1+ beachten.} 35. Rxb2 Rxe1+ 36. Kh2 a4 {[%cal Ba5a4,Ba4a3][%mdl 32]} 37. Rb7 Ra8 {Und ...a3 würde nun gewinnen.} 38. Bh4 a3 {Precision: Weiß = 37%, Schwarz = 49%.} 0-1

[Event "17th Prague Open 2018"]
[Site "Prague"]
[Date "2018.01.12"]
[Round "1"]
[White "Nemcova, Karin"]
[Black "Vichnar, David"]
[Result "0-1"]
[WhiteElo "2050"]
[BlackElo "2443"]
[Annotator "TA"]
[PlyCount "70"]
[EventDate "2018.??.??"]
[EventType "swiss"]
[EventCountry "CZE"]
[SourceTitle "playchess.com"]
[Source "ChessBase"]
[SourceQuality "1"]

{[%evp 30,70,40,35,25,-29,-39,-41,0,-10,-11,-40,-42,-167,-201,-169,-104,-117,-100,-213,-92,-96,-96,-94,-99,-142,-114,-114,-93,-152,-101,-94,-89,-155,-105,-132,-29,-169,-163,-508,-496,-29997,-29998]} 1. e4 c5 2. Nf3 e6 3. d4 cxd4 4. Nxd4 Nc6 5. Nc3 Qc7 6. Be3 a6 7. Be2 Nf6 8. O-O Bb4 9. Na4 O-O 10. Nxc6 bxc6 11. Nb6 Rb8 12. Nxc8 Rfxc8 13. Bxa6 Rd8 14. Bd3 Bd6 15. f4 e5 16. b3 {LiveBook: 3 Games. B49: Sicilian: Taimanov: 5 Nc3 Qc7 6 Be3 a6 7 Be2} exf4 {[#]} 17. Bf2 $146 ({White should try} 17. Bd4) ({Predecessor:} 17. Bd4 f3 18. e5 Bxe5 19. Bxe5 f2+ 20. Kh1 Qxe5 21. Qf3 d5 22. Qxf2 Rf8 23. Qf4 Qc3 {1-0 (70) Van den Doel,E (2584)-Li,S (2484) Delft 2008}) 17... Be5 18. Rb1 {Black is slightly better.} d5 19. Qf3 g5 20. h3 h5 {aiming for ...g4.} 21. g4 (21. exd5 $15 g4 22. Qe2) 21... hxg4 $19 (21... Nxe4 22. Bxe4 dxe4 23. Qxe4 $15) 22. hxg4 d4 $36 {[%mdl 2048] White is under strong pressure.} ({Don't play} 22... Nxe4 23. Bxe4 dxe4 24. Qxe4 $15) (22... dxe4 $19 23. Bxe4 Bd4) 23. Kg2 $17 Nd7 24. Qh3 {[#]} (24. Rh1 $17) 24... Bg7 (24... Kg7 $1 $19 {Strongly threatening ...Rh8.} 25. Be2 Bf6) 25. Rh1 Kf8 26. Qh5 Qe5 ({Reject} 26... f3+ $6 27. Kxf3 Qf4+ 28. Kg2 $14) 27. Rbe1 Nf6 28. Qh3 c5 29. Qf3 {[#]} (29. a4 $142) 29... Re8 ({Black should play} 29... Nd7 $1 30. Qd1 Qf6) 30. a4 Qe6 31. Bb5 (31. Bc4 $142 Qxg4+ 32. Qxg4 Nxg4 33. Rh5) 31... Re7 32. Kh3 Nxe4 ({Better is} 32... Rd8 $17 33. Bc4 Qc6) 33. Bd3 (33. Kg2 $11 {and White has nothing to worry.} Qd5 34. Bd3) 33... Nxf2+ $19 34. Qxf2 $2 (34. Kg2 Qd6 35. Kxf2) 34... Qd5 {( -> ...Rb6)} 35. Rxe7 (35. Bc4 $19 Qa8 36. Kh2) 35... Qxh1+ {Precision: White = 19%, Black = 55%.} ({Weaker is} 35... Kxe7 36. Qe2+ Kf6 37. Qe4 $15) 0-1

[Event "17th Prague Open 2018"]
[Site "Prague"]
[Date "2018.01.12"]
[Round "1"]
[White "Plasil, Petr"]
[Black "Low, Zhen Yu Cyrus"]
[Result "0-1"]
[WhiteElo "2045"]
[BlackElo "2437"]
[Annotator "TA"]
[PlyCount "66"]
[EventDate "2018.??.??"]
[EventType "swiss"]
[EventCountry "CZE"]
[SourceTitle "playchess.com"]
[Source "ChessBase"]
[SourceQuality "1"]

{[%evp 20,66,16,22,52,39,38,16,32,6,39,20,20,15,88,94,137,136,185,-182,-182,-268,-281,-294,-277,-412,-245,-401,-391,-429,-414,-403,-399,-633,-600,-586,-550,-517,91,-2735,-2545,-2469,-2028,-29988,-29989,-29997,-29998,-29998,-29999]} 1. d4 Nf6 2. c4 g6 3. Nc3 d5 4. cxd5 Nxd5 5. e4 Nxc3 6. bxc3 Bg7 7. Nf3 c5 8. Rb1 O-O 9. Be2 b6 10. O-O Bb7 11. Qd3 Nd7 {D85: Exchange Grünfeld: Unusual White 7th moves and lines with 7 Nf3} (11... Ba6 12. Qe3 Qd7 13. dxc5 Bxe2 14. Qxe2 bxc5 15. Rd1 Qe6 16. h4 Nc6 17. Ng5 Qf6 18. Be3 Rad8 19. Bxc5 Qxc3 20. Rdc1 Qa5 {½-½ (32) Mamedyarov,S (2800)-Nepomniachtchi,I (2742) Geneve 2017}) 12. Qe3 Qc7 13. Ba3 $146 ({Predecessor:} 13. Bd3 Rad8 14. Rd1 e5 15. d5 Nf6 16. c4 Ne8 17. Bb2 f6 18. a4 Nd6 19. a5 {½-½ (31) Schulze,M (2239)-Monacell,J (2344) IECG email 1999}) 13... Rac8 {The position is equal.} 14. d5 e6 15. dxe6 fxe6 16. Bc4 {Black must now prevent Ng5.} Rce8 {[#]} (16... Kh8 $11 {keeps the balance.}) 17. Ng5 $1 $16 Rf6 {[#]} 18. f4 $1 ({Stronger than} 18. Qh3 Nf8 $11) 18... Kh8 19. Bxe6 $4 {[%mdl 8192]} ({Don't do} 19. Qh3 Nf8 $16) (19. Rbd1 $18 {avoids the disaster.}) 19... Rfxe6 $19 20. Qh3 (20. Nxe6 {was necessary.} Rxe6 21. e5) 20... Nf8 {[%cal Bd7f8,Bf8e6,Be6f4,Bf4e2][%mdl 32]} 21. Nxe6 Nxe6 22. e5 (22. Qe3 $142) 22... Qc6 (22... g5 $142 23. f5 Nf4) 23. Rbd1 $2 (23. Rbe1) 23... Ba6 24. Rd6 Qb5 {[%csl Ga6][%cal Rb5f1]} 25. Rfd1 Nxf4 26. Qh4 (26. Qd7 $142 Qxd7 27. Rxd7) 26... Ne2+ 27. Kh1 {Hoping for Rd8.} Nxc3 28. Re1 Bxe5 $2 (28... Qc4 $19 29. Qxc4 Bxc4) 29. Rxg6 $2 {[%mdl 8192]} (29. Rd8 $16 Rg8 30. Qe7) 29... Rf8 30. Rg1 {[#]} Qf1 $1 {[%mdl 512] ( -> ...Qxg1+!)} 31. Bxc5 (31. Rxf1 Rxf1#) 31... bxc5 {Black mates.} 32. Rxa6 {[#]} Qxg1+ $1 {[%mdl 512]} 33. Kxg1 Ne2+ {Precision: White = 21%, Black = 25%.} 0-1

[Event "17th Prague Open 2018"]
[Site "Prague"]
[Date "2018.01.12"]
[Round "1"]
[White "Bruaset, Eivind"]
[Black "Kalegin, Evgenij"]
[Result "1/2-1/2"]
[WhiteElo "2036"]
[BlackElo "2426"]
[Annotator "TA"]
[PlyCount "68"]
[EventDate "2018.??.??"]
[EventType "swiss"]
[EventCountry "CZE"]
[SourceTitle "playchess.com"]
[Source "ChessBase"]
[SourceQuality "1"]

{[%evp 17,68,0,0,0,0,0,27,0,-2,-2,0,-27,-29,-41,56,0,0,0,-11,-10,-13,-44,-34,-77,0,0,0,0,0,0,0,0,0,0,18,9,59,44,57,58,112,16,61,41,47,44,75,72,71,91,105,33,56]} 1. e4 c5 2. Nf3 e6 3. b4 cxb4 4. d4 d5 5. e5 Ne7 6. a3 Nf5 7. axb4 Bxb4+ 8. c3 Be7 9. Bd3 Nc6 10. O-O {C00: French: Unusual White 2nd moves} (10. h4 h5 11. Na3 a6 12. Bg5 Bd7 13. Nc2 Rc8 14. Ne3 g6 15. Bxf5 gxf5 16. c4 Nb4 17. cxd5 Bb5 18. Bxe7 Qxe7 {½-½ (31) Sedlak,N (2570)-Dvirnyy,D (2450) Rijeka 2010}) 10... h5 11. Na3 {[%cal Bb1a3,Ba3c2,Bc2e3][%mdl 32]} Bd7 12. Nc2 {White has an edge.} (12. Bxf5 $5 exf5 13. Qb3 $11) 12... g6 13. Ne3 $146 ({Predecessor:} 13. Bd2 b6 14. c4 Rc8 15. Bxf5 gxf5 16. cxd5 exd5 17. Bf4 Be6 {0-1 (38) Mercs,P (2086)-Sully,D (2112) Sunningdale 2008}) 13... Rc8 14. Bxf5 (14. Ba3 {with more complications.} Bxa3 15. Rxa3 a6 16. Nxf5 gxf5 17. Qb1) 14... gxf5 15. c4 f4 {[#]} ({Black should play} 15... dxc4 $15 16. d5 exd5 17. Nxd5 Be6 18. Nxe7 Qxd1 19. Rxd1 Kxe7 20. Bg5+ Ke8) 16. cxd5 (16. Nxd5 $1 $14 {[%mdl 512]} exd5 17. cxd5) 16... fxe3 $11 17. dxc6 exf2+ 18. Rxf2 Bxc6 19. Rxa7 Rg8 {Threatens to win with ...Bxf3.} 20. Ra1 Qd5 (20... b5 $17) 21. Ba3 Bxa3 22. Rxa3 Qe4 23. Qd2 {Black must now prevent Ng5.} Qg4 24. Ne1 h4 25. Rf4 Qh5 26. Rh3 $36 {[%mdl 2048] White is pushing.} Rg4 27. Rxg4 $1 Qxg4 28. Qf2 Qg6 (28... Qf5 $14) 29. Qxh4 (29. Rxh4 $16 Bd5 30. Qd2) 29... Kd7 30. Rg3 Qe4 {[%cal Re4e1]} 31. Rg4 Qe3+ 32. Qf2 Qxf2+ 33. Kxf2 Bd5 {[#]} 34. Ke3 ({White should try} 34. h4 $1 $16) 34... b5 $1 {Precision: White = 46%, Black = 55%.} 1/2-1/2

[Event "17th Prague Open 2018"]
[Site "Prague"]
[Date "2018.01.12"]
[Round "1"]
[White "Lacina, Filip"]
[Black "Lalic, Bogdan"]
[Result "0-1"]
[WhiteElo "2029"]
[BlackElo "2415"]
[Annotator "TA"]
[PlyCount "62"]
[EventDate "2018.??.??"]
[EventType "swiss"]
[EventCountry "CZE"]
[SourceTitle "playchess.com"]
[Source "ChessBase"]
[SourceQuality "1"]

{[%evp 15,62,51,47,15,22,0,20,12,31,5,18,12,22,18,41,15,32,24,22,2,4,-127,-101,-133,-128,-150,-145,-122,-114,-129,-118,-113,-113,-120,-98,-111,-60,-139,-145,-162,-166,-173,-173,-200,-214,-225,-237,-352,-352]} 1. e4 c5 2. Nf3 Nc6 3. d4 cxd4 4. Nxd4 Qb6 5. Nb3 Nf6 6. Nc3 e6 7. Bd3 a6 8. Qe2 {B33: Sizilianisch (Lasker/Pelikan/Sweschnikow-Variante)} (8. f4 d5 9. e5 Nd7 10. Qg4 Nc5 11. Nxc5 Qxc5 12. a3 g6 13. Nd1 Nd4 14. Ne3 Bd7 15. O-O Bb5 {1-0 (58) Robson,R (2668)-Kamsky,G (2659) Saint Louis 2017}) 8... Qc7 {LiveBook: 16 Partien} 9. Bd2 b5 10. a3 {Die Stellung ist ausgeglichen.} Bb7 $146 ({Vorgänger:} 10... Be7 11. f4 d6 12. O-O Bb7 13. Rae1 h5 14. h3 h4 15. Qf2 b4 16. axb4 Nxb4 {½-½ (30) Iudicello,G (2159)-Valenti,G (2138) Arvier 2012}) 11. f4 b4 12. axb4 Nxb4 13. Na5 Bc5 14. e5 Nfd5 15. Nxb7 (15. Ne4 {seems wilder.} Nxd3+ 16. cxd3 Be7 17. f5 O-O 18. Rc1) 15... Nxc3 16. Nd6+ (16. bxc3 {with more complications.} Nxd3+ 17. cxd3 Qxb7 18. d4 Be7 19. O-O) 16... Qxd6 $1 17. exd6 Nxe2 18. Be4 (18. Kxe2 $11 Nxd3 19. Kxd3) 18... Nxc2+ 19. Kxe2 Nxa1 20. Bxa8 Nb3 21. Bc3 O-O 22. Bb7 a5 23. Rd1 Rb8 24. Ba6 Kf8 25. f5 {[#]} e5 $1 {[%mdl 512]} 26. Bc4 (26. Rd5 $1 $15) (26. Bxe5 Re8) 26... Nd4+ $17 27. Bxd4 Bxd4 28. b3 Rb6 29. Kf3 Rxd6 30. Ke4 Rc6 31. Bb5 {[#]} (31. g3 {ist eine bessere Verteidigung.}) 31... d5+ $1 {Precision: Weiß = 18%, Schwarz = 46%.} 0-1

[Event "17th Prague Open 2018"]
[Site "Prague"]
[Date "2018.01.12"]
[Round "1"]
[White "Mindl, Josef"]
[Black "Moehn, Hans"]
[Result "0-1"]
[WhiteElo "2025"]
[BlackElo "2378"]
[Annotator "TA"]
[PlyCount "64"]
[EventDate "2018.??.??"]
[EventType "swiss"]
[EventCountry "CZE"]
[SourceTitle "playchess.com"]
[Source "ChessBase"]
[SourceQuality "1"]

{[%evp 17,64,-38,-28,-55,-48,-53,-50,-80,-90,-69,-38,-29,-47,-219,-170,-240,-245,-243,-238,-238,-220,-305,-160,-177,-152,-127,-152,-201,-63,-334,-316,-314,-259,-305,-302,-476,-439,-520,-510,-569,-585,-574,-572,-554,-554,-1029,-816,-782,-768]} 1. e4 c5 2. Nf3 e6 3. d4 cxd4 4. Nxd4 a6 5. Nc3 Qc7 6. Be2 b5 7. a3 Bb7 8. O-O Nf6 9. Bf3 d6 {LiveBook: 24 Partien} 10. g4 {B43: Sizilianisch (Paulsen-Variante)} (10. Re1 Be7 11. g3 O-O 12. Bg2 Nc6 13. Nb3 Rfd8 14. f4 d5 15. exd5 b4 16. Qf3 Na5 17. axb4 Nxb3 18. cxb3 Nxd5 {0-1 (29) Silva,D (2276)-Galego,L (2458) Baku 2016}) 10... h6 11. Bg2 g5 12. Nb3 $146 {Schwarz steht etwas besser.} ({Vorgänger:} 12. h3 Nbd7 13. Nde2 Ne5 14. f4 gxf4 {½-½ (14) Cela,S (2302)-Makolli,P (2215) Kallithea 2008}) 12... Nbd7 13. f4 gxf4 14. Bxf4 h5 15. gxh5 $2 (15. g5 $15 Ng4 16. Kh1) 15... Qb6+ 16. Kh1 (16. Qd4 {war nötig.} Qxd4+ 17. Nxd4) 16... Nxh5 $19 17. Qf3 {[#] Le3 ist eine echte Drohung.} Nxf4 18. Qxf4 Ne5 19. Rad1 Be7 (19... O-O-O $19 20. Nd4 Bh6) 20. Nd4 $17 O-O-O 21. Nf3 Nxf3 22. Bxf3 Rh7 ({Günstiger ist} 22... Rdf8 $19 23. Rg1 f5) 23. Rg1 $2 {[%mdl 8192]} ({Weiss braucht} 23. Nd5 $1 $15 Bxd5 24. exd5) 23... Rdh8 $19 24. Rg2 Qc5 25. Rdg1 Kd7 26. Rd1 (26. Rd2 $142) 26... Rh4 {Schwarz steht klar auf Gewinn.} 27. Qg3 Rh3 28. Qf4 R8h4 29. Qxf7 {[#] Und weiter mit Lg4 wäre nett.} Qe5 30. Rd3 Rf4 31. Qg8 {Mit der Idee Db8.} Rfxf3 32. Rxf3 Rxf3 {Precision: Weiß = 29%, Schwarz = 54%.} 0-1

[Event "17th Prague Open 2018"]
[Site "Prague"]
[Date "2018.01.12"]
[Round "1"]
[White "Pribyl, Viktor"]
[Black "Mihajlov, Sebastian"]
[Result "0-1"]
[WhiteElo "2011"]
[BlackElo "2371"]
[Annotator "TA"]
[PlyCount "44"]
[EventDate "2018.??.??"]
[EventType "swiss"]
[EventCountry "CZE"]
[SourceTitle "playchess.com"]
[Source "ChessBase"]
[SourceQuality "1"]

{[%evp 18,44,-26,-57,-46,-79,-64,-64,-64,-73,-67,-73,-61,-81,-96,-328,-351,-361,-368,-338,-345,-360,-362,-431,-419,-407,-405,-489,-487]} 1. e4 e6 2. d4 d5 3. Nc3 Nf6 4. e5 Nfd7 5. Nf3 c5 6. dxc5 Nc6 7. Bf4 Bxc5 8. Bd3 h6 9. h4 a6 {C11: French: Classical System: 4 e5 and 4 Bg5 dxe4} 10. O-O {LiveBook: 5 Games} (10. a3 b5 11. h5 Bb7 12. Rh3 Qb6 13. Qe2 O-O-O 14. Rg3 b4 15. Na4 Qa5 16. Nxc5 bxa3+ 17. c3 Nxc5 18. Rxa3 {1-0 (34) Massoni,M (2352)-Sochacki,C (2479) Bastia 2017}) 10... O-O 11. Qd2 $146 ({Predecessor:} 11. h5 f6 12. exf6 Qxf6 13. Bg3 Nde5 14. Nxe5 Nxe5 15. Be2 Kh8 16. Kh2 Nc6 17. Bg4 Bd4 18. Qd2 b5 19. Rae1 Ne5 {½-½ (19) Motola,J (2069)-Montilli,V (2121) Robecchetto 2014}) 11... Nd4 {Black is better.} 12. Nxd4 Bxd4 13. Bxh6 Nxe5 14. Bg5 f6 15. Be3 {[#]} Bxe3 $1 16. Qxe3 $2 (16. fxe3 $17 {was forced.} Bd7 17. Be2) 16... d4 $19 17. Qe4 Nxd3 ({Much less strong is} 17... dxc3 18. Qh7+ Kf7 19. Be2 $19) 18. Qxd3 dxc3 19. Qxc3 Bd7 20. h5 Rc8 21. Qg3 Qc7 22. Qg6 Qxc2 {Precision: White = 12%, Black = 100%.} 0-1